BGMEA University of Fashion and Technology
University Library

Scottish cashmere : (Record no. 2356)

MARC details
000 -LEADER
fixed length control field 00507nam a22001697a 4500
003 - CONTROL NUMBER IDENTIFIER
control field BD-DhBUF
005 - DATE AND TIME OF LATEST TRANSACTION
control field 20250517101817.0
008 - FIXED-LENGTH DATA ELEMENTS--GENERAL INFORMATION
fixed length control field 250517b bg ||||| |||| 00| 0 ben d
020 ## - INTERNATIONAL STANDARD BOOK NUMBER
International Standard Book Number 1870547012
040 ## - CATALOGING SOURCE
Original cataloging agency BD-DhBUF
Transcribing agency BD-DhBUF
245 ## - TITLE STATEMENT
Title Scottish cashmere :
Remainder of title the viable alternative /
Statement of responsibility, etc. Edited by A. J. F. Russel.
260 ## - PUBLICATION, DISTRIBUTION, ETC.
Place of publication, distribution, etc. New Zealand :
Name of publisher, distributor, etc. Scottish Cashmere Producers Association ,
Date of publication, distribution, etc. 1986.
300 ## - PHYSICAL DESCRIPTION
Extent vii,126p. :
Dimensions 20cm. ;
526 ## - STUDY PROGRAM INFORMATION NOTE
Program name TE, AMT,KMT
650 ## - SUBJECT ADDED ENTRY--TOPICAL TERM
Topical term or geographic name entry element Scottish
9 (RLIN) 836
942 ## - ADDED ENTRY ELEMENTS (KOHA)
Source of classification or shelving scheme Dewey Decimal Classification
Koha item type Books
Holdings
Withdrawn status Lost status Source of classification or shelving scheme Damaged status Not for loan Home library Current library Date acquired Total Checkouts Full call number Barcode Date last seen Copy number Price effective from Koha item type
    Dewey Decimal Classification     BUFT Library BUFT Library 06/27/2001   677 S4241 1986 2001-0316 05/17/2025 C-1 05/17/2025 Books
Copyright © 2019-2023 | BUFT Library
BGMEA University of Fashion and Technology
Library Home | University Home
| Maintained by Library Team